000 00682nam a2200205Ii 4500
003 JO-AjNU
008 230605s9999||||xx |||||||||||||| ||und||
040 _aJO-AjNU
_bara
_erda
_cJO-AjNU
041 _aara
050 1 4 _aTA636.U5512 1999
100 3 _aترجمة واعداد درويش ، عماد ,
_eauthor
_918208
245 0 0 _aمتطلبات واشتراطات من كود البناء الموحد، ج2
250 _aط1
264 3 1 _aدمشق :دار دمشق للطباعة ،2000
300 _aج2، 240ص
336 _atext
_btxt
_2rdacontent
337 _aunmediated
_bn
_2rdamedia
338 _avolume
_bnc
_2rdacarrier
650 4 _aكودات - البناء
_918209
999 _aA5779
_c9347
_d9347